| 000 | 00879pam a2200265 a 4500 | ||
|---|---|---|---|
| 001 | 3886686 | ||
| 003 | NUST - PNEC | ||
| 005 | 20170116181045.0 | ||
| 008 | 900510s1991 enka b 001 0 eng | ||
| 010 | _a 90002090 | ||
| 020 | _a0080358292 | ||
| 040 |
_aDLC _cLIBRARY _dDLC |
||
| 050 | 0 | 0 |
_aUG485 _b.D48 1990 |
| 082 | 0 | 0 | _a623.04309 DEV |
| 100 | 1 | _aDevereux, Tony. | |
| 245 | 1 | 0 |
_aMessenger gods of battle : _bradio, radar, sonar, the story of electronics in war / _cTony Devereux. |
| 250 | _a1st ed. | ||
| 260 |
_aLondon ; _aWashington : _bBrassey's (UK), _c1991. |
||
| 300 |
_axx, 322 p. : _bill. ; _c24 cm. |
||
| 504 | _aIncludes bibliographical references (p. 300-309) and index. | ||
| 650 | 0 |
_aElectronics in military engineering _xEL |
|
| 906 |
_a7 _bcbc _corignew _d1 _eocip _f19 _gy-gencatlg |
||
| 942 |
_2ddc _cBK |
||
| 999 |
_c68231 _d68231 |
||